Pla estratègic de salut mental 2024-2027 : resum resum
Descripción Física:
15 pàgines : il·lustracions, gràfics en color ; 30 x 21 cm
Materias:
Persones amb una malaltia mental -- Assistència institucional -- Barcelona (Catalunya : Província)
; Barcelona (Catalunya : Província) -- Política de salut mental
Idioma:
Catalán
MARC
| LEADER | 00000nam a22000007a 4500 | ||
|---|---|---|---|
| 001 | 29299 | ||
| 003 | AGDB | ||
| 005 | 20260324181546.0 | ||
| 008 | 260130b spa||||| |||| 00| 0 cat d | ||
| 017 | |a B 18658-2025 | ||
| 040 | |a agdb |b cat | ||
| 041 | |a cat | ||
| 110 | |a Barcelona (Catalunya : Província). |b Àrea de Comerç, Consum i Salut Pública |9 71966 | ||
| 245 | |a Pla estratègic de salut mental 2024-2027 : |b resum | ||
| 260 | |a [Barcelona] : |b Diputació de Barcelona, |c 2025 | ||
| 300 | |a 15 pàgines : |b il·lustracions, gràfics en color ; |c 30 x 21 cm | ||
| 500 | |a Resum del Pla estratègic de salut mental 2024-2027, 2024 (R. 28804) | ||
| 650 | 0 | |a Persones amb una malaltia mental |x Assistència institucional |z Barcelona (Catalunya : Província) |9 71991 | |
| 651 | 0 | |a Barcelona (Catalunya : Província) |x Política de salut mental |9 71992 | |
| 942 | |2 udc |c ARXIU |n 1 | ||
| 952 | |0 0 |1 0 |2 udc |4 0 |6 FU7889 |7 1 |9 99038 |a Arxiu |b Arxiu |d 2026-01-30 |l 0 |o FU-78-89 |p 29299 |r 2026-01-30 12:32:40 |w 2026-01-30 |y ARXIU | ||
| 999 | |c 130695 |d 130695 | ||